| 000 -LEADER |
| fixed length control field |
00293nam a22001337a 4500 |
| 008 - FIXED-LENGTH DATA ELEMENTS--GENERAL INFORMATION |
| fixed length control field |
180806b xxu||||| |||| 00| 0 eng d |
| 082 ## - DEWEY DECIMAL CLASSIFICATION NUMBER |
| Classification number |
813.52 |
| 245 ## - TITLE STATEMENT |
| Title |
Learning logic 4.0 |
| Statement of responsibility, etc |
HURLEY.P.J |
| 260 ## - PUBLICATION, DISTRIBUTION, ETC. (IMPRINT) |
| Date of publication, distribution, etc |
2006 |
| 300 ## - PHYSICAL DESCRIPTION |
| Extent |
1 |
| Type of unit |
CD |
| 440 ## - SERIES STATEMENT/ADDED ENTRY--TITLE |
| International Standard Serial Number |
049500023X |
| 760 ## - MAIN SERIES ENTRY |
| Edition |
9 th |
| 942 ## - ADDED ENTRY ELEMENTS (KOHA) |
| Source of classification or shelving scheme |
|
| Item type |
Mixed Materials |